000 00804nam a2200253 i 4500
001 178469
003 ES-MaACL
005 20250928125820.0
008 110602s1943 it f |||| |dita d
080 _a75 Canova, Antonio
100 1 _aBassi, Elena.
_9146851
245 1 0 _aCanova /
_cElena Bassi.
260 _aBergamo :
_bIstituto Italiano d'Arti Grafiche,
_c[1943]
300 _a48, 144 p. de lám. ;
_c26 cm.
490 1 _aI grandi artisti italiani ;
_v9
500 _aÍndices.
504 _aBibliografía: p. 39.
546 _aTexto en italiano.
600 1 4 _aCanova, Antonio,
_d1757-1822
_9172439
710 2 _aIstituto Italiano d'Arti Grafiche.
_9146842
830 0 _aI grandi artisti italiani ;
_v9
_9190981
852 _aES-MaACL
_jE-15218
_xOlim P-941
999 _c178469
_d178469